000 00586nam a22001817a 4500
003 OSt
005 20251104093344.0
008 251104b |||||||| |||| 00| 0 eng d
020 _a0-314-20561-6.
040 _aDWCL-Main lib
_cOC
082 _aCirc. 909 S755w 1999
100 _aSpielvogel, Jackson J.
245 _aWorld History :
_bthe human odyssey
_cSpielvogel, Jackson J.
260 _aLincolnwood, Illinois :
_bNational Textbook Co.,
_cc1999.
300 _axxvii (various pagings) :
_bcolored illustration ;
_c26 cm.
650 _21. World history.
942 _2ddc
_cBK-CIRC
_kCirc.
_n0
999 _c5443
_d5443